Statistics for Countries Across the Ocean from the U.S.

Click here to take the quiz!

General Stats

  • This quiz has been taken 18,008 times
    (17,421 since last reset)
  • The average score is 10 of 14

Answer Stats

StatesCountry% Correct
CA, OR, HIJapan
93%
OR, WA, AKRussia
90%
NY, NJ, DE, MD, VAPortugal
89%
SCUnited Kingdom
89%
NH, MA, VA, NC, MESpain
88%
HIChina
87%
NC, SC, GA, FLMorocco
82%
HIPhilippines
67%
HIMexico
60%
HITaiwan
55%
AK, ME, WACanada
54%
HIVietnam
50%
FLBahamas
39%
NCAlgeria
32%

Score Distribution

Percentile by Number Answered

Percent of People with Each Score

Your Score History

You have not taken this quiz since the last reset